[Event "Mittelfrank Regionalliga Nord-Ost 2223"]
[Site "Mittelfranken"]
[Date "2023.01.15"]
[Round "5.7"]
[White "Konsek, Peter"]
[Black "Schoen, Rudolf"]
[Result "0-1"]
[WhiteElo "1946"]
[BlackElo "1831"]
[PlyCount "96"]
[EventDate "2022.10.09"]
[EventType "team-tourn"]
[EventRounds "9"]
[EventCountry "GER"]
[SourceTitle "EXT 2024"]
[Source "ChessBase"]
[SourceDate "2023.10.10"]
[SourceVersion "1"]
[SourceVersionDate "2023.10.10"]
[SourceQuality "1"]
[WhiteTeam "Nuernberg Sued SW"]
[BlackTeam "Windischeschenbach"]
[WhiteTeamCountry "GER"]
[BlackTeamCountry "GER"]

1. e4 c5 2. d4 cxd4 3. c3 e5 4. Nf3 Nc6 5. cxd4 exd4 6. Nxd4 Nf6 7. Nxc6 bxc6 8. Bd3 Bb4+ 9. Nc3 Qa5 10. 0-0 0-0 11. Bd2 Re8 12. a3 Bf8 13. Nd5 Qd8 14. Nxf6+ Qxf6 15. Bc3 Qe6 16. Qh5 c5 17. Rfe1 Bb7 18. Re3 c4 19. Bc2 Rac8 20. Rh3 Qg6 21. Qxg6 hxg6 22. Re3 d5 23. Ba4 Rxe4 24. Rxe4 dxe4 25. Rd1 Bc6 26. Bxc6 Rxc6 27. Rd4 f5 28. Kf1 Bd6 29. Ke2 Kf7 30. h3 Ke6 31. Rd2 Rc7 32. Ke3 g5 33. g3 Be5 34. Bb4 Rd7 35. Rc2 Rc7 36. Bc3 Bxc3 37. Rxc3 Ke5 38. f4+ exf3 39. Kxf3 Kd4 40. g4 f4 41. h4 gxh4 42. Kxf4 Rb7 43. Rc2 Rb3 44. Kg5 h3 45. Kg6 Rg3 46. g5 Rg2 47. Rc3 Rxb2 48. Rxh3 Rb7 0-1

[Event "Mittelfrank Regionalliga Nord-Ost 2223"]
[Site "Mittelfranken"]
[Date "2022.10.23"]
[Round "2.7"]
[White "Ceglar, Michael"]
[Black "Konsek, Peter"]
[Result "0-1"]
[WhiteElo "1740"]
[BlackElo "1946"]
[PlyCount "46"]
[EventDate "2022.10.09"]
[EventType "team-tourn"]
[EventRounds "9"]
[EventCountry "GER"]
[SourceTitle "EXT 2024"]
[Source "ChessBase"]
[SourceDate "2023.10.10"]
[SourceVersion "1"]
[SourceVersionDate "2023.10.10"]
[SourceQuality "1"]
[WhiteTeam "Heng Postbauer"]
[BlackTeam "Nuernberg Sued SW II"]
[WhiteTeamCountry "GER"]
[BlackTeamCountry "GER"]

1. e4 c5 2. Nc3 Nc6 3. g3 g6 4. Bg2 Bg7 5. d3 d6 6. f4 e5 7. Nf3 Nge7 8. 0-0 0-0 9. h3 exf4 10. Bxf4 h6 11. g4 Be6 12. Qd2 Kh7 13. a4 d5 14. exd5 Nxd5 15. Nxd5 Bxd5 16. c3 Qd7 17. Be3 b6 18. d4 cxd4 19. cxd4 Rad8 20. Qd3 Bxf3 21. Bxf3 Nxd4 22. Qa3 Nc2 23. Qb3 Nxe3 0-1

[Event "Mittelfranken-chTB2b 1819"]
[Site "Mittelfranken"]
[Date "2019.04.28"]
[Round "9.1"]
[White "Konsek, Peter"]
[Black "Hetzner, Helmut"]
[Result "1/2-1/2"]
[WhiteElo "1911"]
[BlackElo "1873"]
[PlyCount "72"]
[EventDate "2018.10.14"]
[EventType "team-tourn"]
[EventRounds "9"]
[EventCountry "GER"]
[SourceTitle "EXT 2022"]
[Source "ChessBase"]
[SourceDate "2021.10.06"]
[SourceVersion "1"]
[SourceVersionDate "2021.10.06"]
[SourceQuality "1"]
[WhiteTeam "Nuernberg Sued SW III"]
[BlackTeam "Muehlhof/Schwabach II"]
[WhiteTeamCountry "GER"]
[BlackTeamCountry "GER"]

1. e4 e6 2. d4 d5 3. exd5 exd5 4. Nf3 Nf6 5. Bd3 Be7 6. 0-0 0-0 7. Bg5 Bg4 8. Nbd2 Nbd7 9. c3 c5 10. Qc2 h6 11. Bh4 Qc7 12. Rfe1 Bd6 13. dxc5 Bxc5 14. Bf5 Rfe8 15. Bxg4 Nxg4 16. Bg3 Bd6 17. Bxd6 Qxd6 18. h3 Nge5 19. Nxe5 Nxe5 20. Qa4 Qc6 21. Qd4 Nc4 22. Nxc4 dxc4 23. Rad1 a6 24. Kf1 b5 25. Rxe8+ Rxe8 26. Qd5 Qe6 27. Qxe6 Rxe6 28. Rd8+ Kh7 29. f4 f5 30. Rd5 Kg6 31. Kf2 Kf6 32. g3 g6 33. Rd4 Ke7 34. a4 Rd6 35. Ke3 Re6+ 36. Kd2 Rd6 1/2-1/2

[Event "Mittelfranken-ch QT"]
[Site "Nuremberg"]
[Date "2019.04.20"]
[Round "7.3"]
[White "Konsek, Peter"]
[Black "Diebel, Guenter"]
[Result "1-0"]
[WhiteElo "2062"]
[BlackElo "1854"]
[PlyCount "21"]
[EventDate "2019.04.17"]
[EventType "swiss"]
[EventRounds "7"]
[EventCountry "GER"]
[SourceTitle "EXT 2022"]
[Source "ChessBase"]
[SourceDate "2021.10.06"]
[SourceVersion "1"]
[SourceVersionDate "2021.10.06"]
[SourceQuality "1"]

1. e4 c6 2. d4 g6 3. Nc3 Bg7 4. h3 e5 5. dxe5 Bxe5 6. Nf3 Bxc3+ 7. bxc3 Ne7 8. Qd4 Rg8 9. Ng5 h6 10. Nh7 Qb6 11. Nf6+ 1-0

[Event "Mittelfranken-chTB2b 1819"]
[Site "Mittelfranken"]
[Date "2019.01.27"]
[Round "4.1"]
[White "Hirn, Erwin"]
[Black "Konsek, Peter"]
[Result "1/2-1/2"]
[WhiteElo "1957"]
[BlackElo "1911"]
[PlyCount "55"]
[EventDate "2018.10.14"]
[EventType "team-tourn"]
[EventRounds "9"]
[EventCountry "GER"]
[SourceTitle "EXT 2022"]
[Source "ChessBase"]
[SourceDate "2021.10.06"]
[SourceVersion "1"]
[SourceVersionDate "2021.10.06"]
[SourceQuality "1"]
[WhiteTeam "Neumarkt"]
[BlackTeam "Nuernberg Sued SW III"]
[WhiteTeamCountry "GER"]
[BlackTeamCountry "GER"]

1. d4 d5 2. c4 e6 3. Nf3 Nf6 4. Nc3 Be7 5. Bf4 0-0 6. h3 b6 7. cxd5 Nxd5 8. Nxd5 Qxd5 9. a3 c5 10. dxc5 Qxd1+ 11. Rxd1 Bxc5 12. b4 Be7 13. Bd6 Bxd6 14. Rxd6 Bb7 15. e3 Rc8 16. Be2 Kf8 17. 0-0 Bd5 18. Nd4 Nc6 19. Nxc6 Bxc6 20. Ba6 Ke7 21. Rfd1 Rd8 22. Rxd8 Rxd8 23. Rxd8 Kxd8 24. Bd3 h6 25. Kf1 Ke7 26. g3 Bf3 27. Ke1 Kd6 28. Kd2 1/2-1/2

[Event "Regionalliga Nord-Ost 1819"]
[Site "Bayern"]
[Date "2018.12.16"]
[Round "4.8"]
[White "Weber, Helmut2"]
[Black "Konsek, Peter"]
[Result "0-1"]
[WhiteElo "1645"]
[BlackElo "1911"]
[PlyCount "54"]
[EventDate "2018.10.21"]
[EventType "team-tourn"]
[EventRounds "9"]
[EventCountry "GER"]
[SourceTitle "EXT 2022"]
[Source "ChessBase"]
[SourceDate "2021.10.06"]
[SourceVersion "1"]
[SourceVersionDate "2021.10.06"]
[SourceQuality "1"]
[WhiteTeam "Bad Koetzting"]
[BlackTeam "Nuernberg Sued SW II"]
[WhiteTeamCountry "GER"]
[BlackTeamCountry "GER"]

1. b4 e5 2. Bb2 Bxb4 3. Bxe5 Nf6 4. e3 0-0 5. a3 Be7 6. Nf3 d5 7. c4 c5 8. cxd5 Nxd5 9. d4 Nc6 10. Bg3 cxd4 11. Nxd4 Nxd4 12. Qxd4 Bf6 13. Be5 Qa5+ 14. Nd2 Nxe3 15. Qxe3 Bxe5 16. Rb1 Bd7 17. Bd3 Rfe8 18. Kf1 Bc6 19. Nc4 Qd5 20. Rd1 Qxg2+ 21. Ke2 Bf4 22. Rhg1 Qf3+ 23. Kd2 Qxf2+ 24. Kc3 Bxe3 25. Nxe3 Qxe3 26. Rde1 Qxe1+ 27. Rxe1 Rxe1 0-1

[Event "Regionalliga Nord-Ost 1819"]
[Site "Bayern"]
[Date "2018.11.25"]
[Round "3.8"]
[White "Schicker, Rudolf"]
[Black "Konsek, Peter"]
[Result "1/2-1/2"]
[WhiteElo "1775"]
[BlackElo "1911"]
[PlyCount "111"]
[EventDate "2018.10.21"]
[EventType "team-tourn"]
[EventRounds "9"]
[EventCountry "GER"]
[SourceTitle "EXT 2022"]
[Source "ChessBase"]
[SourceDate "2021.10.06"]
[SourceVersion "1"]
[SourceVersionDate "2021.10.06"]
[SourceQuality "1"]
[WhiteTeam "Windischeschenbach"]
[BlackTeam "Nuernberg Sued SW II"]
[WhiteTeamCountry "GER"]
[BlackTeamCountry "GER"]

1. Nf3 f5 2. c4 Nf6 3. b4 g6 4. Bb2 Bg7 5. e3 0-0 6. Be2 d6 7. d4 c6 8. 0-0 e5 9. dxe5 Ng4 10. c5 dxe5 11. Qb3+ Kh8 12. h3 e4 13. Bxg7+ Kxg7 14. Qc3+ Qf6 15. hxg4 exf3 16. Qxf6+ Kxf6 17. gxf3 a5 18. b5 cxb5 19. Bxb5 fxg4 20. f4 Bd7 21. Be2 Rc8 22. Nd2 Na6 23. Rfc1 Ke7 24. f3 gxf3 25. Bxf3 Bc6 26. Bg4 Rd8 27. Nc4 Nxc5 28. Ne5 Ne6 29. Nxc6+ bxc6 30. Rxc6 Rd6 31. Rac1 Rb8 32. Bxe6 Kxe6 33. Rxd6+ Kxd6 34. Rc2 a4 35. e4 a3 36. e5+ Ke6 37. Rc6+ Kd7 38. Rd6+ Ke7 39. Rd2 Rb2 40. Rf2 Ke6 41. Rh2 Rxh2 42. Kxh2 Kf5 43. Kh3 h6 44. Kh4 h5 45. Kh3 g5 46. fxg5 Kxg5 47. e6 Kf6 48. e7 Kxe7 49. Kh4 Kd6 50. Kxh5 Kc5 51. Kg4 Kb4 52. Kf3 Kc3 53. Ke2 Kc2 54. Ke1 Kb2 55. Kd1 Kxa2 56. Kc1 1/2-1/2

[Event "Mittelfranken-ch QT 67th"]
[Site "Nuremberg"]
[Date "2018.03.30"]
[Round "6"]
[White "Diebel, Guenter"]
[Black "Konsek, Peter"]
[Result "1-0"]
[WhiteElo "1778"]
[BlackElo "2063"]
[PlyCount "151"]
[EventDate "2018.03.28"]
[EventType "swiss"]
[EventRounds "7"]
[EventCountry "GER"]
[SourceTitle "EXT 2020"]
[Source "ChessBase"]
[SourceDate "2019.10.17"]
[SourceVersion "1"]
[SourceVersionDate "2019.10.17"]
[SourceQuality "1"]

1. e4 c5 2. Nc3 Nc6 3. Nf3 e5 4. Bc4 Be7 5. d3 d6 6. 0-0 Nf6 7. h3 h6 8. a3 g5 9. Nh2 Be6 10. Bxe6 fxe6 11. Ng4 h5 12. Nxf6+ Bxf6 13. Ne2 g4 14. c3 Qe7 15. b4 0-0-0 16. f4 Rdg8 17. Kh1 exf4 18. Bxf4 Be5 19. b5 gxh3 20. gxh3 Qh4 21. Rf3 Bxf4 22. bxc6 Bg3 23. cxb7+ Kb8 24. Qf1 Be5 25. Rb1 d5 26. exd5 exd5 27. d4 Bd6 28. dxc5 Bxc5 29. Rb5 Qc4 30. Nd4 Bxd4 31. Qxc4 Rg1+ 32. Kh2 dxc4 33. cxd4 Rg7 34. Rc3 Re8 35. Rc2 h4 36. a4 Rxb7 37. Rxb7+ Kxb7 38. Rxc4 Re2+ 39. Kg1 Rd2 40. d5 Rxd5 41. Rxh4 Rd2 42. Rb4+ Kc6 43. h4 Ra2 44. h5 Re2 45. h6 Re7 46. Rh4 Rh7 47. Kg2 Kd6 48. Kg3 Ke6 49. Kg4 Kf6 50. Kh5 Kf5 51. Rc4 Rd7 52. Rc3 Kf6 53. a5 Rd1 54. Kg4 Kg6 55. Rc6+ Kh7 56. a6 Rf1 57. Kg5 Rf7 58. Rc3 Rd7 59. Rc6 Rf7 60. Re6 Rc7 61. Kf5 Rc5+ 62. Ke4 Rb5 63. Kd4 Rb1 64. Kc5 Rc1+ 65. Kb5 Rc7 66. Rd6 Kg8 67. Rc6 Rf7 68. Rc8+ Kh7 69. Kc6 Rf1 70. Kb7 Rb1+ 71. Kxa7 Kxh6 72. Rc6+ Kg5 73. Rb6 Rc1 74. Kb7 Rh1 75. a7 Rh7+ 76. Ka6 1-0

[Event "Regionalliga Nord-Ost 1718"]
[Site "Bayern"]
[Date "2018.01.21"]
[Round "5.7"]
[White "Muskat, Gunter"]
[Black "Konsek, Peter"]
[Result "1-0"]
[WhiteElo "1986"]
[BlackElo "1920"]
[PlyCount "61"]
[EventDate "2017.10.22"]
[EventType "team-tourn"]
[EventRounds "9"]
[EventCountry "GER"]
[SourceTitle "EXT 2022"]
[Source "ChessBase"]
[SourceDate "2021.10.06"]
[SourceVersion "1"]
[SourceVersionDate "2021.10.06"]
[SourceQuality "1"]
[WhiteTeam "Buechenbach/Roth"]
[BlackTeam "Nuernberg Sued SW II"]
[WhiteTeamCountry "GER"]
[BlackTeamCountry "GER"]

1. c4 f5 2. g3 Nf6 3. Bg2 g6 4. Nc3 Bg7 5. d3 0-0 6. Rb1 d6 7. e3 e5 8. Nge2 Nc6 9. b4 Rb8 10. 0-0 Be6 11. b5 Ne7 12. Qa4 Nc8 13. Rd1 g5 14. f4 h6 15. h3 Qe8 16. fxe5 dxe5 17. Ba3 Rf7 18. Rbc1 Rd7 19. c5 Qh5 20. c6 bxc6 21. bxc6 Rd8 22. Qa5 Qf7 23. d4 Nb6 24. dxe5 Nfd5 25. Nxd5 Nxd5 26. Rd3 Bxe5 27. Rcd1 f4 28. Bxd5 Rxd5 29. Rxd5 fxg3 30. Rd8+ Kh7 31. R8d7 1-0

[Event "Regionalliga NO 1617"]
[Site "Bayern"]
[Date "2017.03.19"]
[Round "7.7"]
[White "Konsek, Peter"]
[Black "Duerr, Florian"]
[Result "0-1"]
[WhiteElo "1956"]
[BlackElo "2043"]
[PlyCount "60"]
[EventDate "2016.10.16"]
[EventType "team-tourn"]
[EventRounds "9"]
[EventCountry "GER"]
[SourceTitle "EXT 2019"]
[Source "ChessBase"]
[SourceDate "2018.10.10"]
[SourceVersion "1"]
[SourceVersionDate "2018.10.10"]
[SourceQuality "1"]
[WhiteTeam "Nuernberg Sued SW II"]
[BlackTeam "Erlangen SC II"]
[WhiteTeamCountry "GER"]
[BlackTeamCountry "GER"]

1. e4 c5 2. d4 cxd4 3. c3 dxc3 4. Nxc3 Nc6 5. Nf3 e6 6. Bc4 Qc7 7. 0-0 Nf6 8. Nb5 Qb8 9. e5 Ng4 10. Bf4 a6 11. Nd6+ Bxd6 12. exd6 b5 13. Bxe6 fxe6 14. Ng5 Nge5 15. Bxe5 Nxe5 16. Qd4 0-0 17. Qxe5 Rf5 18. Qg3 Bb7 19. f3 Qa7+ 20. Kh1 Qe3 21. Nh3 Qe5 22. Rac1 Qxb2 23. Rc7 Bc6 24. Re1 Re8 25. Rxc6 dxc6 26. d7 Rd8 27. Qc7 Rff8 28. Qxc6 Qd2 29. Qxe6+ Kh8 30. Qxa6 Qxe1+ 0-1

[Event "Mittelfranken Mitte-ch"]
[Site "Nuremberg"]
[Date "2017.01.07"]
[Round "5"]
[White "Bolten, Daniel"]
[Black "Konsek, Peter"]
[Result "0-1"]
[WhiteElo "2075"]
[BlackElo "2083"]
[PlyCount "57"]
[EventDate "2017.01.05"]
[EventType "swiss"]
[EventRounds "7"]
[EventCountry "GER"]
[SourceTitle "EXT 2018"]
[Source "ChessBase"]
[SourceDate "2017.10.13"]
[SourceVersion "1"]
[SourceVersionDate "2017.10.13"]
[SourceQuality "1"]

1. d4 f5 2. Nf3 Nf6 3. c4 g6 4. Nc3 Bg7 5. Bf4 d6 6. Qc2 0-0 7. e3 Nc6 8. a3 Re8 9. Rd1 e6 10. Be2 Qe7 11. d5 e5 12. Bg5 Nd8 13. 0-0 Nf7 14. b4 Nxg5 15. Nxg5 e4 16. Nh3 h6 17. Nf4 Qf7 18. Nb5 g5 19. Ne6 Bxe6 20. dxe6 Rxe6 21. c5 d5 22. Nd4 Re5 23. c6 b6 24. f4 exf3 25. Rxf3 Ne4 26. Nxf5 Rxf5 27. Rxd5 Rxf3 28. Qxe4 Rxe3 29. Qxe3 0-1

[Event "Mittelfranken Mitte-ch"]
[Site "Nuremberg"]
[Date "2017.01.07"]
[Round "4"]
[White "Konsek, Peter"]
[Black "Petrashov, Alexander"]
[Result "0-1"]
[WhiteElo "2083"]
[BlackElo "1888"]
[PlyCount "56"]
[EventDate "2017.01.05"]
[EventType "swiss"]
[EventRounds "7"]
[EventCountry "GER"]
[SourceTitle "EXT 2018"]
[Source "ChessBase"]
[SourceDate "2017.10.13"]
[SourceVersion "1"]
[SourceVersionDate "2017.10.13"]
[SourceQuality "1"]

1. e4 e6 2. d4 d5 3. Nc3 Nf6 4. e5 Nfd7 5. f4 c5 6. Nf3 Nc6 7. Be3 b6 8. Be2 Bb7 9. h4 h5 10. Ng5 Be7 11. f5 Nf8 12. fxe6 fxe6 13. Bxh5+ g6 14. Qf3 Rxh5 15. Qf7+ Kd7 16. 0-0-0 Qe8 17. Qg8 cxd4 18. Nxd5 exd5 19. Qxd5+ Kc7 20. Bf4 Rd8 21. Qc4 Kb8 22. Nf7 Rc8 23. Nd6 Bxd6 24. exd6 Qe4 25. g3 Nd7 26. Rhe1 Qd5 27. Qd3 Nb4 28. Qxg6 Rxc2+ 0-1

[Event "Regionalliga NO 1516"]
[Site "Bayern"]
[Date "2015.10.11"]
[Round "1.4"]
[White "Konsek, Peter"]
[Black "Brack, Johannes"]
[Result "1/2-1/2"]
[WhiteElo "1963"]
[BlackElo "1875"]
[PlyCount "99"]
[EventDate "2015.10.11"]
[EventType "team-tourn"]
[EventRounds "9"]
[EventCountry "GER"]
[SourceTitle "EXT 2018"]
[Source "ChessBase"]
[SourceDate "2017.10.13"]
[SourceVersion "1"]
[SourceVersionDate "2017.10.13"]
[SourceQuality "1"]
[WhiteTeam "Nuernberg Sued SW II"]
[BlackTeam "Regensburg Turnerschaft"]
[WhiteTeamCountry "GER"]
[BlackTeamCountry "GER"]

1. e4 d6 2. d4 g6 3. Nc3 Bg7 4. f4 Nf6 5. Nf3 0-0 6. Be3 c6 7. Bd3 Nbd7 8. e5 Ng4 9. Bg1 c5 10. h3 cxd4 11. Bxd4 dxe5 12. hxg4 exd4 13. Ne4 Nc5 14. Nxc5 Qa5+ 15. Qd2 Qxc5 16. g5 Bf5 17. Bxf5 Qxf5 18. 0-0-0 Rac8 19. Kb1 Rfd8 20. g3 Qd5 21. Qf2 Rd6 22. Rhe1 e6 23. Ne5 Qa5 24. Re4 Bxe5 25. Rxe5 Qb4 26. Rd3 Rc3 27. a3 Qb6 28. Rxc3 dxc3 29. Qxb6 Rxb6 30. b4 f6 31. gxf6 Kf7 32. g4 Kxf6 33. g5+ Kg7 34. Ka2 a6 35. Kb3 Rc6 36. a4 h5 37. gxh6+ Kxh6 38. b5 axb5 39. axb5 Rd6 40. Kxc3 Kg7 41. Kc4 b6 42. Re4 Kf6 43. Rd4 Ke7 44. Rxd6 Kxd6 45. Kd4 e5+ 46. fxe5+ Ke6 47. c4 g5 48. c5 bxc5+ 49. Kxc5 g4 50. Kd4 1/2-1/2

[Event "Mittelfranken-chTB1 1415"]
[Site "Mittelfranken"]
[Date "2015.04.19"]
[Round "9.1"]
[White "Fuchs, Gerhard"]
[Black "Konsek, Peter"]
[Result "1-0"]
[WhiteElo "2034"]
[BlackElo "1963"]
[PlyCount "83"]
[EventDate "2014.09.29"]
[EventType "team-tourn"]
[EventRounds "9"]
[EventCountry "GER"]
[SourceTitle "EXT 2020"]
[Source "ChessBase"]
[SourceDate "2019.10.17"]
[SourceVersion "1"]
[SourceVersionDate "2019.10.17"]
[SourceQuality "1"]
[WhiteTeam "Nuernberg SK 1911"]
[BlackTeam "Nuernberg Sued SW III"]
[WhiteTeamCountry "GER"]
[BlackTeamCountry "GER"]

1. c4 e5 2. Nc3 Bb4 3. Nd5 Be7 4. Nf3 d6 5. d4 e4 6. Nd2 c6 7. Nc3 f5 8. g3 Nf6 9. Bg2 0-0 10. d5 Ng4 11. Nb3 Ne5 12. Qc2 c5 13. 0-0 Bf6 14. Nd1 Na6 15. Bd2 Bd7 16. f3 exf3 17. exf3 Nb4 18. Bxb4 cxb4 19. f4 Nxc4 20. Qxc4 Qb6+ 21. Rf2 Rac8 22. Qd3 Rfe8 23. Qd2 a5 24. Kh1 a4 25. Nc1 Rc4 26. Re2 Rec8 27. Nd3 Rd4 28. Rb1 Bb5 29. N1f2 Qa6 30. Re3 a3 31. bxa3 bxa3 32. Rc1 Rxc1+ 33. Qxc1 Rc4 34. Qe1 Qa4 35. g4 Bh4 36. gxf5 Rc2 37. f6 Bxf6 38. Rg3 Rxf2 39. Nxf2 Qxf4 40. Rg4 Qh6 41. Qe6+ Kf8 42. Qxd6+ 1-0

[Event "Mittelfranken-ch HT"]
[Site "Nuremberg"]
[Date "2015.04.04"]
[Round "9"]
[White "Schloetterer, Hermann"]
[Black "Konsek, Peter"]
[Result "0-1"]
[WhiteElo "1911"]
[BlackElo "2075"]
[PlyCount "60"]
[EventDate "2015.03.31"]
[EventType "swiss"]
[EventRounds "9"]
[EventCountry "GER"]
[SourceTitle "EXT 2016"]
[Source "ChessBase"]
[SourceDate "2015.10.08"]
[SourceVersion "1"]
[SourceVersionDate "2015.10.08"]
[SourceQuality "1"]

1. d4 Nf6 2. g3 c5 3. d5 e6 4. c4 exd5 5. cxd5 d6 6. Bg2 g6 7. Nf3 Bg7 8. 0-0 0-0 9. Nc3 Re8 10. Re1 a6 11. a4 Ne4 12. Nxe4 Rxe4 13. Ng5 Rb4 14. Ra3 Nd7 15. Ne4 Nf6 16. Bg5 Bf5 17. Nxf6+ Bxf6 18. Bxf6 Qxf6 19. Rb3 Rd4 20. Qc1 Rb8 21. e4 Bd7 22. e5 dxe5 23. Qxc5 Rc8 24. Qa7 Bg4 25. f3 Rc2 26. Qb8+ Kg7 27. Rbe3 Rdd2 28. Bf1 Bxf3 29. Qxe5 Qxe5 30. Rxe5 Rxh2 0-1

[Event "Mittelfranken-ch HT"]
[Site "Nuremberg"]
[Date "2015.04.02"]
[Round "5"]
[White "Erlbeck, Peter"]
[Black "Konsek, Peter"]
[Result "1/2-1/2"]
[WhiteElo "2091"]
[BlackElo "2075"]
[PlyCount "36"]
[EventDate "2015.03.31"]
[EventType "swiss"]
[EventRounds "9"]
[EventCountry "GER"]
[SourceTitle "EXT 2016"]
[Source "ChessBase"]
[SourceDate "2015.10.08"]
[SourceVersion "1"]
[SourceVersionDate "2015.10.08"]
[SourceQuality "1"]

1. e4 e6 2. d4 d5 3. e5 c5 4. c3 Nc6 5. Nf3 Qb6 6. a3 c4 7. Nbd2 f6 8. Be2 fxe5 9. Nxe5 Nxe5 10. dxe5 Bc5 11. 0-0 Ne7 12. b4 cxb3 13. Nxb3 0-0 14. Nxc5 Qxc5 15. Be3 Qxc3 16. Bd4 Qa5 17. Qd3 Bd7 18. Rab1 b6 1/2-1/2

[Event "Landesliga Nord 1415"]
[Site "Bayern"]
[Date "2015.01.18"]
[Round "5.8"]
[White "Winkler, Gerhard"]
[Black "Konsek, Peter"]
[Result "1-0"]
[WhiteElo "2002"]
[BlackElo "1963"]
[PlyCount "83"]
[EventDate "2014.10.19"]
[EventType "team-tourn"]
[EventRounds "9"]
[EventCountry "GER"]
[SourceTitle "EXT 2018"]
[Source "ChessBase"]
[SourceDate "2017.10.13"]
[SourceVersion "1"]
[SourceVersionDate "2017.10.13"]
[SourceQuality "1"]
[WhiteTeam "Schweinfurt"]
[BlackTeam "Nuernberg Sued SW"]
[WhiteTeamCountry "GER"]
[BlackTeamCountry "GER"]

1. e4 d6 2. c4 g6 3. Nc3 Bg7 4. g3 Nf6 5. Bg2 0-0 6. Nge2 c5 7. 0-0 Nc6 8. d3 Rb8 9. Rb1 a6 10. a3 b5 11. cxb5 axb5 12. b4 cxb4 13. axb4 Bg4 14. h3 Bxe2 15. Nxe2 d5 16. Qb3 dxe4 17. dxe4 e5 18. Be3 Qc7 19. Rfc1 Rfc8 20. Qb2 Qb7 21. Bc5 Nd7 22. Bd6 Ra8 23. Nc3 Bh6 24. Rd1 Nb6 25. Bf1 Nd4 26. Rxd4 exd4 27. Nxb5 Nc4 28. Bxc4 Rxc4 29. Na3 Rc3 30. b5 Qxe4 31. b6 Qb7 32. Nb5 Rc6 33. Bc7 Bg7 34. Nd6 Rxd6 35. Bxd6 Rc8 36. Bc7 d3 37. Qc1 Bd4 38. Qd1 d2 39. Qxd2 Bc5 40. Qb2 Re8 41. Qb5 Qe4 42. Rf1 1-0